000 00468nam a2200169Ia 4500
005 20250326144748.0
008 250326s9999 xx 000 0 und d
037 _aTextbook
040 _aFMSL
_beng
_cFMSL
041 _aeng
_2eng
084 _ax62.44r P2
_qFMSL
245 0 _aReport on Trend and Progress of banking in India 2001-02
260 _aIndia
_bIndia, RBI
_c2002
300 _a224p
942 _cTB
_hx62.44r P2
999 _c1304929
_d1304929